<?xml version="1.0" encoding="UTF-8"?>
<record
    xmlns:xsi="http://www.w3.org/2001/XMLSchema-instance"
    xsi:schemaLocation="http://www.loc.gov/MARC21/slim http://www.loc.gov/standards/marcxml/schema/MARC21slim.xsd"
    xmlns="http://www.loc.gov/MARC21/slim">

  <leader>00614nam a22001457a 4500</leader>
  <datafield tag="999" ind1=" " ind2=" ">
    <subfield code="c">113619</subfield>
    <subfield code="d">113619</subfield>
  </datafield>
  <controlfield tag="005">20190823103636.0</controlfield>
  <controlfield tag="008">190823b           ||||| |||| 00| 0 eng d</controlfield>
  <datafield tag="040" ind1=" " ind2=" ">
    <subfield code="c">PK-LaUMT</subfield>
  </datafield>
  <datafield tag="082" ind1=" " ind2=" ">
    <subfield code="a">215</subfield>
    <subfield code="b">MON-K</subfield>
  </datafield>
  <datafield tag="100" ind1=" " ind2=" ">
    <subfield code="a">Monsma, John Clover = &#x645;&#x648;&#x646;&#x632;&#x645;&#x627;&#x60C; &#x62C;&#x627;&#x646; &#x6A9;&#x644;&#x648;&#x648;&#x631;</subfield>
  </datafield>
  <datafield tag="245" ind1=" " ind2=" ">
    <subfield code="a">Khuda mojood he  . . . ? =  &#x62E;&#x62F;&#x627; &#x645;&#x648;&#x62C;&#x648;&#x62F; &#x6C1;&#x6D2; &#x6D4; &#x6D4; . &#x633;&#x627;&#x626;&#x646;&#x633;&#x62F;&#x627;&#x646;&#x648;&#x6BA; &#x6A9;&#x6CC; &#x646;&#x638;&#x631; &#x645;&#x6CC;&#x6BA;  &#x6D4; /</subfield>
    <subfield code="c">by John Clover Monsma; translated by Abdul Hameed Siddiqui =   &#x627;&#x632; &#x62C;&#x627;&#x646; &#x6A9;&#x644;&#x648;&#x648;&#x631; &#x645;&#x648;&#x646;&#x632;&#x645;&#x627;; &#x62A;&#x631;&#x62C;&#x645;&#x6C1; &#x639;&#x628;&#x62F;&#x627;&#x644;&#x62D;&#x645;&#x6CC;&#x62F; &#x635;&#x62F;&#x6CC;&#x642;&#x6CC;</subfield>
  </datafield>
  <datafield tag="260" ind1=" " ind2=" ">
    <subfield code="a">Lahore :</subfield>
    <subfield code="b">Fiction House,</subfield>
    <subfield code="c">2014</subfield>
  </datafield>
  <datafield tag="300" ind1=" " ind2=" ">
    <subfield code="a">215 p.</subfield>
  </datafield>
  <datafield tag="942" ind1=" " ind2=" ">
    <subfield code="c">BK</subfield>
  </datafield>
  <datafield tag="952" ind1=" " ind2=" ">
    <subfield code="0">0</subfield>
    <subfield code="1">0</subfield>
    <subfield code="4">0</subfield>
    <subfield code="7">0</subfield>
    <subfield code="a">01</subfield>
    <subfield code="b">01</subfield>
    <subfield code="d">2019-08-23</subfield>
    <subfield code="l">0</subfield>
    <subfield code="o">215 MON-K</subfield>
    <subfield code="p">131168</subfield>
    <subfield code="r">2019-08-23 00:00:00</subfield>
    <subfield code="w">2019-08-23</subfield>
    <subfield code="y">BK</subfield>
  </datafield>
</record>
